Statistics for Lily James Filmography

Click here to take the quiz!

General Stats

  • This quiz has been taken 38 times
    (7 since last reset)
  • The average score is 7 of 43

Answer Stats

TypeYearName% Correct
Film2018Mamma Mia! Here We Go Again
100%
Film2017Baby Driver
86%
Film2019Yesterday
86%
Film2015Cinderella
71%
TV Show2012-2015Downton Abbey
43%
Web Mini-Series2022Pam & Tommy
43%
Film2017Darkest Hour
29%
Film2016Pride and Prejudice and Zombies
29%
Film2020Rebecca
29%
Theater2019All About Eve
14%
Film2016Branagh Theatre Live: Romeo and Juliet
14%
TV Short2019One Red Nose and a Wedding
14%
FilmTBARelay
14%
Theater2016Romeo and Juliet
14%
TV Show2011Secret Diary of a Call Girl
14%
Film2021The Dig
14%
FilmTBAThe Iron Claw
14%
TV Mini-Series2021The Pursuit of Love
14%
Film2022What's Love Got to Do with It?
14%
Short Film2022BareFace: A Night of Mistakes
0%
TV Special2021Beauty and the Beast: A Comic Relief Pantomime for Christmas
0%
Film2012Broken
0%
Film2015Burnt
0%
Short Film2012Chemistry
0%
Short Film2011Chloe and Will's Hot Date Night
0%
Film2012Fast Girls
0%
FilmTBAFinalmente l'alba
0%
Commercial2015JCPenney
0%
TV Show2010Just William
0%
Film2018Little Woods
0%
Commercial2016Macy's
0%
Theater2011Othello
0%
FilmTBAProvidence
0%
Film2019Rare Beasts
0%
Short Film2013Silent Treatment
0%
Film2018Sorry to Bother You
0%
Film2016The Exception
0%
Film2018The Guernsey Literary and Potato Peel Pie Society
0%
Theater2012The Seagull
0%
Short Film2016The Tale of Thomas Burberry
0%
Theater2011Vernon God Little
0%
TV Mini-Series2016War & Peace
0%
Film2012Wrath of the Titans
0%

Score Distribution

Percentile by Number Answered

Percent of People with Each Score

Your Score History

You have not taken this quiz since the last reset